02420cam a2200349 i 450000100090000000300040000900500170001300800410003001000170007102000180008802000310010602000270013704000280016404200080019204300120020005000270021208200190023910000310025824000310028924500900032026400370041030000230044733600260047033700280049633800270052452012520055165000410180365100400184465500310188470000350191577601200195022874818OSt20231009160545.0221122s2023 nyu 000 1 eng  a 2022044629 a9781035003976 a9781635423525q(hardcover) z9781635423532q(ebook) aDLCbengerdacDLCdDLC apcc aai-----00aPQ2682.U45bS6713 202300a843.914bVUI/H1 aVuillard, Éric,eauthor.10aSortie honorable.lEnglish13aAn honorable exit /cÉric Vuillard ; translated from the French by Mark Polizzotti. 1aNew York :bOther Press,c[2023] a150 pages ;c20 cm atextbtxt2rdacontent aunmediatedbn2rdamedia avolumebnc2rdacarrier a"From the award-winning author of The Order of the Day, a piercing account of the lesser-known conflict preceding the Vietnam War that dealt a fatal blow to French colonialism. How can a modern army lose to an army of peasants? Delving into the last gasps of the First Indochina War (1946-1954), which saw the communist Viet Minh take control of North Vietnam, Éric Vuillard vividly illustrates the attitudes that both enabled French colonialist abuses and ultimately led to their defeat and withdrawal. From the Michelin rubber plantation, where horrific working conditions sparked an epidemic of suicides, to the battlefield, a sense of superiority over the "yellow men" pervaded European and American forces. And, as with so many conflicts throughout history, there were key actors with a motivation deeper than nationalism or political ideology-greed. An Honorable Exit not only brings to life scenes from the war, but also looks beyond the visceral reality on the ground to the colder calculations of those who seek to benefit from conflict, whether shrewd bankers, who can turn a military win or loss into financial gain, or intelligence operatives like the CIA, who aim to influence governments across the globe"--cProvided by publisher. 0aIndochinese War, 1946-1954vFiction. 0aIndochinaxHistoryy1945-vFiction. 7aHistorical fiction.2lcgft1 aPolizzotti, Mark,etranslator.08iOnline version:aVuillard, Éric.tHonorable exitdNew York : Other Press, [2023]z9781635423532w(DLC) 2022044630